Návrh komplexného využitia výpočtovej techniky v procese plánovania vo VHJ ZTS kandidátska dizertačná práca
Guardado en:
| Autor principal: | |
|---|---|
| Autor Corporativo: | |
| Otros Autores: | |
| Formato: | Libro |
| Lenguaje: | eslovaco |
| Publicado: |
Bratislava
1989
|
| Etiquetas: |
Sin Etiquetas, Sea el primero en etiquetar este registro!
|
MARC
| LEADER | 00000nam a2200000 4500 | ||
|---|---|---|---|
| 001 | c040763 | ||
| 005 | 20221215070949.9 | ||
| 041 | 0 | |a slo | |
| 044 | |a SK | ||
| 245 | 1 | 0 | |a Návrh komplexného využitia výpočtovej techniky v procese plánovania vo VHJ ZTS |b kandidátska dizertačná práca |c Ján Vojtko ; ved. práce M. Jeníček |
| 264 | 1 | |a Bratislava |c 1989 | |
| 300 | |a 204 s. | ||
| 100 | 1 | |a Vojtko, Ján | |
| 700 | 1 | |a Jeníček, Milan | |
| 710 | 2 | |a Vysoká škola ekonomická v Bratislave | |